000 01720nas1a22002411i 4500
001 RU\NLR\INFOCOMM18\1000224914
005 20240723102859.0
035 _a(NLR Aleph) 002354369
090 _a4522469
_c4522469
100 _a20041115b19741988|||y0rusy50 ca
101 0 _arus
102 _aRU
110 _aayu||||0|y0
200 1 _aСовременные проблемы химии и химической промышленности
_fМеждунар. система науч.-техн. информации по химии и хим. пром-сти. Постоянная комис. СЭВ по хим. пром-сти
210 _aМ.
_cНИИТЭХИМ
_d1974-1988
801 1 _aRU
_bInfoComm
_c20041115
801 0 _aRU
_bNLR
_gPSBO
852 _aNLR
_jП10/5013
942 _cJOURNAL
980 _aRUSPER